Normal view MARC view

Entry Topical Term

Number of records used in: 1

001 - CONTROL NUMBER

  • control field: 7425

003 - CONTROL NUMBER IDENTIFIER

  • control field: dpl

005 - DATE AND TIME OF LATEST TRANSACTION

  • control field: 20100806114112.0

008 - FIXED-LENGTH DATA ELEMENTS

  • fixed length control field: 100806|||a|||||| | ||| d

040 ## - CATALOGING SOURCE

  • Original cataloging agency: dpl
  • Transcribing agency: dpl

150 ## - HEADING--TOPICAL TERM

  • Topical term or geographic name as entry element: Statistical physics

670 ## - SOURCE DATA FOUND

  • Source citation: Work cat.: (dpl)39645: Suganya, R. 7424, Thermal physics and statistical methods /, 2008

670 ## - SOURCE DATA FOUND

  • Source citation: Work cat.: (dpl)39645: Suganya, R. 7424, Thermal physics and statistical methods /, 2008

© Delhi Public Library
Hit Counter
free hit counter